• 首页
  • 本馆介绍
  • 公告通知
  • 最新文献
  • 馆藏检索
  • 电子资源
  • 读者导购
  • 参考咨询
  • 我的图书馆
  • 登录
  • 详细信息显示
  • 放入我的书架
  • 预约/预借图书
  • 作者相关作品
  • 分类相关作品
  • 丛书相关作品
  • 出版社相关作品

书目信息

  • 表格格式
  • 工作单格式
  • 卡片格式
题名:
摄影大师图典
    
 
作者: ;紫图大师图典丛书编辑部 编著
分册:  
出版信息: 西安   陕西师范大学出版社  2004
页数: 495页
开本: 24cm
丛书名:
单 册:
中图分类: J405.1
科图分类:
主题词: 摄影艺术--鉴赏--世界
电子资源:
ISBN: 7-5613-2832-X
000 01097nam0 2200265 450
001 1533416652
005 20150117091847.37
010    @a7-5613-2832-X@dCNY88.00
100    @a20111010d2004 em y0chiy50 ea
101 0  @achi
102    @aCN@b610000
105    @aa z 001yy
200 1  @a摄影大师图典@Ashe ying da shi tu dian@9shi jie she ying tu jian@f紫图大师图典丛书编辑部编著@Fzi tu da shi tu dian cong shu bian ji bu bian zhu
205    @b修订版
210    @a西安@c陕西师范大学出版社@d2004
215    @a495页@d24cm
300    @a紫图书馆6501 大千图鉴 人文馆05/黄利主编
312    @a封底英文题名:World photograph illustrated handbook
330    @a本书收录的447位伟大的摄影家们,在富有创意的心灵感触下,将世事沧桑与艺术经验凝练在瞬间的定格中,凝固了风云变幻的近现代史,记录着丰富的人类情感,书写和创造了新的趣味与价值。
510 1  @aWorld photograph illustrated handbook@zeng
606 0  @a摄影艺术@x鉴赏@y世界
690    @aJ405.1@v5
711 02 @a紫图大师图典丛书编辑部@Azi tu da shi tu dian cong shu bian ji bu@4编著
801  0 @aCN@bTSSF@c20150117
905    @aZUCC@dJ405.1@eJY45
    
    摄影大师图典/紫图大师图典丛书编辑部编著.-修订版.-西安:陕西师范大学出版社,2004
    495页;24cm
    紫图书馆6501 大千图鉴 人文馆05/黄利主编
    
    ISBN 7-5613-2832-X:CNY88.00
    本书收录的447位伟大的摄影家们,在富有创意的心灵感触下,将世事沧桑与艺术经验凝练在瞬间的定格中,凝固了风云变幻的近现代史,记录着丰富的人类情感,书写和创造了新的趣味与价值。
●
相关链接 在E读中查询图书 在五车中查询图书 在当当中查询图书 在豆瓣中查询图书


正题名:摄影大师图典     索取号:J405.1/JY45         预约/预借

序号 登录号 条形码 馆藏地/架位号 状态 备注
1 7851571   278515714   学院路分馆/ [索取号:J405.1/JY45] 在馆    
唐山师范学院图书馆 欢迎您!
大连网信软件有限公司© 版权所有